01318nam a2200337Ia 4500001001100000003000800011006001900019007001500038008004100053010001700094020002300111020001500134040002100149035002000170050002200190082002100212100002400233245009900257260010000356300001400456504005100470533015200521650002600673650002200699651004400721655002900765700002900794710001700823856012500840999001500965ebr5001714CaPaEBRm u cr cn|||||||||990120s1999 enk sb 001 0 eng d z 99012667  z0312222629 (cloth) z0333760697 aCaPaEBRcCaPaEBR a(OCoLC)7074687414aD860b.A58 1999eb04a327.1/09/0492211 aAldred, Ken,d1937-10aSuperpowers in the post-Cold War erah[electronic resource] /cKen Aldred and Martin A. Smith. aHoundmills, Basingstoke, Hampshire :bMacmillan Press ;aNew York :bSt. Martin's Press,c1999. ax, 205 p. aIncludes bibliographical references and index. aElectronic reproduction.bPalo Alto, Calif. :cebrary,d2013.nAvailable via World Wide Web.nAccess may be limited to ebrary affiliated libraries. 0aWorld politicsy1989- 0aBalance of power. 0aUnited StatesxForeign relationsy1989- 7aElectronic books.2local1 aSmith, Martin A.,d1965-2 aebrary, Inc.40uhttp://site.ebrary.com/lib/rucke/Doc?id=5001714zAn electronic book accessible through the World Wide Web; click to view c1319d1319